Álbum Primo de Rivera
Descripción Física:
64 p. : il. col. ; 31 cm
Materias:
Primo de Rivera, Miguel, -- 1870-1930
MARC
| LEADER | 00000nam a2200000Ia 4500 | ||
|---|---|---|---|
| 001 | 22638 | ||
| 008 | 160829s9999 xx 000 0 cat d | ||
| 080 | |a 4179, exp. 9 | ||
| 245 | |a Álbum Primo de Rivera | ||
| 260 | |a Barcelona : |b Sobrinos de López Robert y Compañía, [1927] | ||
| 300 | |a 64 p. : |b il. col. ; |c 31 cm | ||
| 590 | |a Suplement de: El Imán (fundada en 1915) | ||
| 600 | 1 | 0 | |a Primo de Rivera, Miguel, |d 1870-1930 |9 24305 |
| 901 | |a Arxiu | ||
| 942 | |n 1 | ||
| 952 | |0 0 |1 0 |4 0 |6 4179_EXP_9 |7 1 |9 54479 |a Arxiu |b Arxiu |d 2016-12-01 |l 0 |o 4179, exp. 9 |p 22638 |r 2016-12-01 00:00:00 |w 2016-12-01 |y ARXIU | ||
| 999 | |c 58348 |d 58348 | ||